[Event "2nd Open"]
[Site "Rethymno GRE"]
[Date "2010.07.14"]
[Round "2"]
[White "Makka,I"]
[Black "Rychagov,A"]
[Result "0-1"]
[WhiteElo "2175"]
[BlackElo "2538"]

1.e4 c5 2.Nf3 e6 3.d4 cxd4 4.Nxd4 a6 5.Bd3 Bc5 6.Nb3 Be7 7.Qg4 Bf6 8.O-O Ne7
9.Na3 Nbc6 10.Qe2 O-O 11.Nc4 d5 12.Ne3 Ng6 13.exd5 exd5 14.Rd1 Nf4 15.Qf1 Be6
16.Bf5 Qc8 17.Bxe6 fxe6 18.g3 Ng6 19.Qh3 Nge5 20.f4 Nc4 21.c3 b5 22.Nc2 b4
23.Ncd4 Nxd4 24.cxd4 Re8 25.Rb1 a5 26.Rd3 Na3 27.Ra1 Nc2 28.Rb1 a4 29.Na1 Qc4
30.Qf1 Bxd4+ 31.Kg2 Qxd3  0-1

[Event "1st Open"]
[Site "Vaujany FRA"]
[Date "2010.07.14"]
[Round "5"]
[White "Olivier,JC"]
[Black "Vovk,A"]
[Result "0-1"]
[WhiteElo "2377"]
[BlackElo "2522"]

1.e4 c5 2.Nf3 e6 3.d4 cxd4 4.Nxd4 a6 5.Bd3 Bc5 6.Nb3 Ba7 7.Qe2 d6 8.a4 Nc6
9.a5 Nf6 10.O-O O-O 11.Nc3 Bb8 12.Bg5 h6 13.Bh4 g5 14.Bg3 e5 15.Nd5 Ba7 16.Nxf6+ Qxf6
17.Kh1 Be6 18.Bc4 Bxc4 19.Qxc4 h5 20.f3 h4 21.Be1 Rac8 22.Qe2 Ne7 23.Bf2 Bxf2
24.Qxf2 d5 25.exd5 Nxd5 26.Rad1 Rfd8 27.c3 Nf4 28.Nc5 Qe7 29.b4 Kg7 30.Qc2 h3
31.g3 Ne6 32.Ne4 Rxd1 33.Rxd1 Qxb4 34.Qd2 Qxa5 35.Nxg5 Rc6 36.Ne4 Qc7 37.Nd6 Kg8
38.Nf5 Rxc3 39.Ne7+ Qxe7 40.Qxc3 Nc7 41.Re1 f6 42.Qc4+ Ne6 43.f4 Kg7 44.fxe5 f5
45.Rd1 Nc5 46.Qf4 b5 47.Kg1 Ne4 48.Qe3 Qxe5 49.Qa7+ Kg6 50.Qxa6+ Kh5 51.Qa7 Qb2
52.Qh7+ Kg5 53.Qg8+ Kh6 54.Qf8+ Kg6 55.Qg8+ Kh5 56.g4+ Kh4 57.Qd8+ Kxg4 58.Qg8+ Ng5
59.Kf1 Qg2+ 60.Ke1 Qg1+ 61.Kd2 Qxh2+ 62.Kc1 Qf4+ 63.Kb2 Qb4+ 64.Kc2 Qc4+
65.Qxc4+ bxc4 66.Kd2 Ne4+ 67.Ke3 h2  0-1

[Event "Corporation Centre Cup"]
[Site "Izhevsk RUS"]
[Date "2010.07.15"]
[Round "1"]
[White "Orekhov,V"]
[Black "Fedorov,Alex"]
[Result "0-1"]
[WhiteElo "1825"]
[BlackElo "2616"]

1.e4 c5 2.Nf3 e6 3.d4 cxd4 4.Nxd4 a6 5.Bd3 Ne7 6.O-O Nbc6 7.Nf3 Ng6 8.c4 Bc5
9.Nc3 d6 10.Qe2 e5 11.h3 O-O 12.Bg5 Nd4 13.Bxd8 Nxe2+ 14.Bxe2 Rxd8 15.Rfd1 Nf4
16.Bf1 Be6 17.Na4 Ba7 18.Rd2 Kf8 19.Rad1 Ke7 20.b3 f6 21.Kh2 Bf7 22.Nc3 Bh5
23.g4 Be8 24.Nh4 g6 25.Ng2 Ne6 26.Nd5+ Kf7 27.Kg3 Bc6 28.Nge3 a5 29.Nc2 Rh8
30.Nc3 Bc5 31.Bg2 h5 32.a3 hxg4 33.hxg4 f5 34.exf5 gxf5 35.Bxc6 bxc6 36.b4 Nf4  0-1

[Event "Open A"]
[Site "Oberwart AUT"]
[Date "2010.07.16"]
[Round "4"]
[White "Hitter,G"]
[Black "Holzer,G"]
[Result "1/2-1/2"]
[WhiteElo "2085"]
[BlackElo "2208"]

1.e4 c5 2.Nf3 e6 3.d4 cxd4 4.Nxd4 a6 5.Bd3 Qc7 6.c4 Nf6 7.Nc3 d6 8.O-O Be7
9.Be3 Nbd7 10.Rc1 O-O 11.f4 b6 12.b4 Bb7 13.g4 g6 14.g5 Nh5 15.f5 exf5 16.exf5 d5
17.fxg6 hxg6 18.Nf5 Ne5 19.Nxd5 Bxd5 20.cxd5 Qd8 21.Nxe7+ Qxe7 22.Be2 Nc4
23.Bd2 Ne3 24.Bxe3 Qxe3+ 25.Kh1 Nf4 26.Bf3 Nd3 27.Rc2 Nxb4 28.Rg2 Rad8 29.Re1 Qc5
30.Rd2 Qa5 31.Ree2 Rd6 32.Qb3 Rfd8 33.Re5 Nc6 34.Ree2 Ne7 35.Rd4 Nf5 36.Ra4 Qc5
37.Rc4 Qa5 38.Ra4  1/2-1/2

[Event "ZDMI Open"]
[Site "Dresden GER"]
[Date "2010.07.17"]
[Round "8"]
[White "Proschmann,T"]
[Black "Stark,S"]
[Result "1-0"]
[WhiteElo "2092"]
[BlackElo "1858"]

1.e4 c5 2.Nf3 e6 3.d4 cxd4 4.Nxd4 a6 5.Bd3 Qc7 6.O-O Nf6 7.Qe2 Bc5 8.Nb3 Be7
9.c4 d6 10.Nc3 Nbd7 11.f4 O-O 12.g4 g6 13.Be3 Re8 14.h4 h5 15.gxh5 Nxh5 16.Qg4 Nhf6
17.Qg2 Bf8 18.e5 dxe5 19.fxe5 Nh7 20.Rxf7 Qxe5 21.Qxg6+ Bg7 22.Bd4 Ndf8 23.Rxf8+  1-0

[Event "Corporation Centre Cup"]
[Site "Izhevsk RUS"]
[Date "2010.07.18"]
[Round "4"]
[White "Baigildin,Albert"]
[Black "Sabaev,E"]
[Result "0-1"]
[WhiteElo "2075"]
[BlackElo "2256"]

1.e4 c5 2.Nf3 e6 3.d4 cxd4 4.Nxd4 a6 5.Bd3 g6 6.Nc3 Bg7 7.Be3 d6 8.f4 Nd7
9.O-O Ngf6 10.Qe1 Ng4 11.Nb3 Nxe3 12.Qxe3 O-O 13.Kh1 b5 14.Rad1 Qb6 15.Qh3 b4
16.Ne2 a5 17.f5 Nf6 18.Nd2 exf5 19.exf5 Bb7 20.fxg6 hxg6 21.Nc4 Qc6 22.Nd4 Qc5
23.Nf5 gxf5 24.Rxf5 Bc8 25.Rxc5 Bxh3 26.Rg5 Be6 27.Rf1 Ne8 28.Nxa5 Rc8 29.Rf4 Rc5
30.h4 Rxg5 31.hxg5 Bxb2 32.Rxb4 Bc3 33.Rb5 Nc7 34.Rb6 Bxa5 35.Rxd6 Kg7 36.Rd4 Rh8+  0-1

[Event "Open A"]
[Site "Oberwart AUT"]
[Date "2010.07.18"]
[Round "6"]
[White "Kessler,Mi"]
[Black "Sandhoefner,F"]
[Result "0-1"]
[WhiteElo "2047"]
[BlackElo "2229"]

1.e4 c5 2.Nf3 e6 3.d4 cxd4 4.Nxd4 a6 5.Bd3 Bc5 6.Nb3 Ba7 7.Qe2 Nc6 8.Be3 d6
9.Nc3 Nf6 10.O-O-O O-O 11.Bxa7 Rxa7 12.g4 b5 13.g5 Nd7 14.Qh5 Qb6 15.Qh4 Nce5
16.Kb1 b4 17.Ne2 Bb7 18.f4 Nxd3 19.cxd3 e5 20.f5 d5 21.Rhg1 a5 22.f6 a4 23.Nbc1 Rc8
24.Ng3 Qc5 25.Rg2 b3 26.Rf1 Qxc1+ 27.Rxc1 Rxc1+ 28.Kxc1 bxa2 29.Nf5 a1=Q+
30.Kc2 Ba8 31.Ne7+ Kh8 32.fxg7+ Kxg7 33.Qh6+ Kh8 34.Nf5 Rc7+ 35.Kd2 Qc1+
36.Ke2 Rc2+  0-1

[Event "Aegean Open"]
[Site "Agios Kirykos GRE"]
[Date "2010.07.19"]
[Round "7"]
[White "Deftereos,P"]
[Black "Kesoglou,K"]
[Result "0-1"]
[WhiteElo "1814"]
[BlackElo "2098"]

1.e4 c5 2.Nf3 e6 3.d4 cxd4 4.Nxd4 a6 5.Bd3 Bc5 6.Nb3 Be7 7.O-O d6 8.Be3 Nf6
9.f4 b6 10.Nc3 Bb7 11.e5 Nd5 12.Nxd5 Bxd5 13.c4 Bb7 14.f5 exf5 15.Rxf5 g6
16.exd6 Bxd6 17.Bd4 O-O 18.Rf6 Nc6 19.Rxd6 Qxd6 20.c5 Qd5 21.Bf6 bxc5 22.Qf1 Ne5
23.Rd1 Nxd3 24.Rxd3 Qxg2+ 25.Qxg2 Bxg2 26.Kxg2 c4 27.Rc3 cxb3 28.Rxb3 Rfb8
29.Rd3 Rb6 30.Bc3 Rab8 31.Rd7 Rxb2+  0-1

[Event "Aegean Open"]
[Site "Agios Kirykos GRE"]
[Date "2010.07.19"]
[Round "7"]
[White "Valden,P"]
[Black "Rigopoulos Tsigkos,A"]
[Result "1-0"]
[WhiteElo "2223"]
[BlackElo "2020"]

1.e4 c5 2.Nf3 e6 3.d4 cxd4 4.Nxd4 a6 5.Bd3 Nf6 6.O-O Qc7 7.Qe2 d6 8.Nc3 Nbd7
9.f4 b5 10.Re1 Bb7 11.Kh1 h5 12.a3 Be7 13.Be3 Rc8 14.Rad1 d5 15.exd5 Nxd5
16.Nxd5 Bxd5 17.f5 e5 18.f6 gxf6 19.Nf5 Rg8 20.Rg1 Qb7 21.Nxe7 Kxe7 22.Bf5 Qc6
23.Qd2 Be6 24.Qb4+ Nc5 25.Be4 Qc7 26.Bf3 Ke8 27.Rd2 f5 28.Rgd1 e4 29.Bxh5 Rh8
30.Bxc5 Rxh5 31.Bd6 Qb7 32.Qd4 e3 33.Qxe3 Rd8 34.Qe5 Rg5 35.Qh8+ Kd7 36.Bg3+  1-0

[Event "2nd Artemis Cup"]
[Site "Leros GRE"]
[Date "2010.07.19"]
[Round "8"]
[White "Kapnisis,S"]
[Black "Stubberud,O"]
[Result "1-0"]
[WhiteElo "2514"]
[BlackElo "2276"]

1.e4 c5 2.Nf3 e6 3.d4 cxd4 4.Nxd4 a6 5.Bd3 Nf6 6.O-O Qc7 7.Kh1 d5 8.exd5 Nxd5
9.f4 Bd6 10.f5 exf5 11.Bxf5 Ne7 12.Bd3 O-O 13.Nc3 Nd7 14.Ndb5 axb5 15.Nxb5 Qb6
16.Nxd6 Ne5 17.Bxh7+ Kxh7 18.Qh5+ Kg8 19.Qxe5 Be6 20.Be3 Qa5 21.Qxa5 Rxa5
22.b3 Nf5 23.Bb6 Rd5 24.Ne4 Bd7 25.Nc5 Bc6 26.Nd3 Nh4 27.Nb4  1-0

[Event "2nd Open"]
[Site "Rethymno GRE"]
[Date "2010.07.19"]
[Round "8"]
[White "Goumas,G"]
[Black "Filip,L"]
[Result "1/2-1/2"]
[WhiteElo "2298"]
[BlackElo "2470"]

1.e4 c5 2.Nf3 e6 3.d4 cxd4 4.Nxd4 a6 5.Bd3 Bc5 6.Nb3 Be7 7.Be3 Nf6 8.N1d2 Nc6
9.Nc4 d5 10.Bb6 Qd7 11.exd5 Qxd5 12.O-O Nb4 13.Bd4 Nd7 14.Be2 O-O 15.c3 Nc6
16.Nb6 Nxb6 17.Bxb6 Qf5 18.Bd3 Qf6 19.Be4 e5 20.Qf3 Qxf3 21.Bxf3 Be6 22.Rfe1 f6
23.Nd4 Bd7 24.Bd5+ Kh8 25.Ne6 Bxe6 26.Bxe6 Bd8 27.Bc5 Be7 28.Bb6 Bd8 29.Be3 Bc7
30.Rad1 Rfd8 31.Bd5 g6 32.Bc5 Kg7 33.Bxc6 bxc6 34.Be7 Rd5 35.c4 Rd4 36.Rxd4 exd4
37.Bc5 Rd8 38.Re7+ Kg8 39.Rxc7 d3 40.Be3 d2 41.Bxd2 Rxd2 42.g3 Rxb2 43.Rxc6 Rxa2
44.Rxf6 Rc2 45.Rxa6 Rxc4 46.Ra7 h5 47.Kg2 Rc3 48.h3 Rb3 49.Re7 Kf8 50.Re3 Rb4
51.Kf3 Kg7 52.Re4 Rb2 53.g4 hxg4+ 54.hxg4 g5  1/2-1/2

[Event "XIV Battle Of Senta"]
[Site "Senta SRB"]
[Date "2010.07.19"]
[Round "4"]
[White "Ardeleanu,A"]
[Black "Balla,Ta"]
[Result "1/2-1/2"]
[WhiteElo "2399"]
[BlackElo "2373"]

1.e4 c5 2.Nf3 e6 3.d4 cxd4 4.Nxd4 a6 5.Bd3 Bc5 6.Nb3 Ba7 7.Qe2 d6 8.Be3 Nc6
9.N1d2 Nge7 10.Bxa7 Rxa7 11.c3 e5 12.Nc4 b5 13.Ne3 Be6 14.O-O O-O 15.f4 exf4
16.Rxf4 Ng6 17.Rf2 Qb6 18.Nd5 Bxd5 19.exd5 Re7  1/2-1/2

[Event "Open A"]
[Site "Oberwart AUT"]
[Date "2010.07.21"]
[Round "9"]
[White "Rieger,R"]
[Black "Poetz,F"]
[Result "0-1"]
[WhiteElo "2041"]
[BlackElo "2347"]

1.e4 c5 2.Nf3 e6 3.d4 cxd4 4.Nxd4 a6 5.Bd3 Bc5 6.Nb3 Ba7 7.Nc3 Nc6 8.Qe2 d6
9.Be3 Nge7 10.O-O e5 11.Bxa7 Rxa7 12.a4 Ng6 13.Nd5 Be6 14.Qe3 Ra8 15.Nb6 Rb8
16.Bc4 Qc7 17.c3 Nce7 18.Bxe6 fxe6 19.Rad1 O-O 20.a5 Rbd8 21.Rd2 Nc6 22.g3 Nh8
23.Rfd1 Nf7 24.Rd3 h6 25.h4 g6 26.Nc4 Nb4 27.cxb4 Qxc4 28.Qb6 Rb8 29.f3 Rfc8
30.R1d2 Qc6 31.Qa7 Ra8 32.Qe3 Qb5 33.Rc3 Qxb4 34.Rdc2 Rxc3 35.Rxc3 Kg7 36.f4 Rf8
37.Rc7 Qb5 38.fxe5 Qxe5 39.Nd4 Kg8 40.Rxb7 Qf6 41.Rb3 Ng5 42.Nf5 Nf7 43.Nd4 g5
44.Qf2 Qg6 45.h5 Qxe4 46.Rf3 Rc8 47.Rc3 Rb8 48.b3 Ne5 49.Qe3 Qg4 50.Rc2 Qxd4  0-1

[Event "Corporation Centre Cup"]
[Site "Izhevsk RUS"]
[Date "2010.07.22"]
[Round "8"]
[White "Frolyanov,D"]
[Black "Fedorov,Alex"]
[Result "1-0"]
[WhiteElo "2587"]
[BlackElo "2616"]

1.e4 c5 2.Nf3 e6 3.d4 cxd4 4.Nxd4 a6 5.Bd3 Bc5 6.Nb3 Be7 7.Qg4 Nf6 8.Qxg7 Rg8
9.Qh6 Nc6 10.Nc3 Rxg2 11.Qh3 Rg8 12.Bd2 e5 13.Qe3 Nb4 14.O-O-O Qc7 15.Rhg1 Rxg1
16.Rxg1 b5 17.Kb1 Bb7 18.Qf3 d5 19.Nxb5 Qb6 20.Bxb4 Bxb4 21.Nc7+ Qxc7 22.Qxf6 dxe4
23.Be2 Qe7 24.Qb6 Kf8 25.Qh6+ Ke8 26.Rg8+ Kd7 27.Rxa8 Bxa8 28.Qxa6 Bc6 29.a3 Bd6
30.Na5 Bd5 31.c4  1-0

[Event "Corporation Centre Cup"]
[Site "Izhevsk RUS"]
[Date "2010.07.22"]
[Round "8"]
[White "Predke,A"]
[Black "Shaposhnikov,E"]
[Result "0-1"]
[WhiteElo "2425"]
[BlackElo "2543"]

1.e4 c5 2.Nf3 e6 3.d4 cxd4 4.Nxd4 a6 5.Bd3 Bc5 6.Nb3 Be7 7.O-O d6 8.c4 Nf6
9.Nc3 Nbd7 10.f4 b6 11.Be3 Bb7 12.Rc1 Rc8 13.Kh1 O-O 14.Bg1 Re8 15.Qe2 Bf8
16.h3 g6 17.Bh2 Bg7 18.e5 dxe5 19.fxe5 Nh5 20.Be4 Bxe5 21.g4 Bxh2 22.Qxh2 Bxe4+
23.Nxe4 Qh4 24.Nbd2 f5 25.Nf3 Qe7 26.Nd6 Nhf6 27.Nxe8 Rxe8 28.Ne5 Ne4 29.Nxd7 Qxd7
30.Qf4 Qd3 31.Rf3 Qe2 32.Rg1 Rf8 33.Rg2 Qxc4 34.Kh2 Qd5 35.Qc7 Ng5 36.Rf4 Nf3+
37.Kg3 Nh4 38.Kxh4 Qxg2 39.Qxb6 Qe2 40.Qc6 Qe1+ 41.Kg5 Kg7 42.Qd7+ Rf7 43.Qd4+ e5
44.Qf2 Qc1  0-1

[Event "Najdorf Mem Open A"]
[Site "Warsaw POL"]
[Date "2010.07.22"]
[Round "6"]
[White "Jacek,K"]
[Black "Lewandowski,Ra"]
[Result "1/2-1/2"]
[WhiteElo "2055"]
[BlackElo "2240"]

1.e4 c5 2.Nf3 e6 3.d4 cxd4 4.Nxd4 a6 5.Bd3 g6 6.O-O Bg7 7.c3 d5 8.Qa4+ Bd7
9.Qb3 Nc6 10.exd5 Na5 11.Qa3 exd5 12.Re1+ Ne7 13.Bf4 Nc6 14.Bd6 Bf6 15.Nd2 Nxd4
16.cxd4 Be6 17.Rac1 O-O 18.Nf3 Rc8 19.Be5 Nc6 20.Qb3 Nxe5 21.dxe5 Bg5 22.Rcd1 Bh6
23.Qxb7 Qa5 24.b4 Qxa2 25.Qb6 Rb8 26.Qd4 Qa4 27.Qh4 Kg7 28.Qf6+ Kg8 29.Qh4 Kg7
30.Qf6+ Kg8 31.Qh4 Kg7  1/2-1/2

[Event "21st Czech GM Open"]
[Site "Pardubice CZE"]
[Date "2010.07.23"]
[Round "1"]
[White "Ambartsumova,K"]
[Black "Ghaem Maghami,E"]
[Result "0-1"]
[WhiteElo "2309"]
[BlackElo "2585"]

1.e4 c5 2.Nf3 e6 3.d4 cxd4 4.Nxd4 a6 5.Bd3 Nf6 6.O-O d6 7.c4 Nc6 8.Be3 Be7
9.Nc3 O-O 10.Kh1 Bd7 11.f4 Nxd4 12.Bxd4 Bc6 13.b4 b6 14.Qb3 Nd7 15.Bg1 Rb8
16.Rac1 Bf6 17.Rfd1 Qe7 18.Bb1 Rfc8 19.a4 g6 20.b5 Bb7 21.bxa6 Bxa6 22.Nb5 Nc5
23.Qb4 Rd8 24.Rd2 e5 25.Nc3 Bb7 26.Be3 Bc6 27.Nd5 Bxd5 28.exd5 exf4 29.Bxf4 Bg5
30.Bxg5 Qxg5 31.Rdd1 Re8 32.Re1 Qh4 33.Bc2 h5 34.Qc3 Qg5 35.Kg1 h4 36.h3 Qf4
37.Rcd1 Ra8 38.Qb4 Qg3 39.Qd2 Rab8 40.Qf2 Kg7 41.Qxg3 hxg3 42.Kf1 Kf6 43.Rb1 Rxe1+
44.Rxe1 Rh8 45.Rb1 Rh4 46.Rxb6 Rxc4 47.Bd1 Ke5 48.a5 Rc1 49.Ke2 Ra1 50.Rb5 Ne4
51.Rb3 Ra2+ 52.Ke3 f5  0-1

[Event "21st Czech GM Open"]
[Site "Pardubice CZE"]
[Date "2010.07.24"]
[Round "2"]
[White "Nurkiewicz,M"]
[Black "Mattick,L"]
[Result "1-0"]
[WhiteElo "2428"]
[BlackElo "2248"]

1.e4 c5 2.Nf3 e6 3.d4 cxd4 4.Nxd4 a6 5.Bd3 Qc7 6.O-O Nf6 7.Qe2 d6 8.c4 g6
9.b3 Bg7 10.Bb2 O-O 11.Nc3 Nh5 12.Qe3 Nc6 13.Nxc6 bxc6 14.f4 Bh6 15.Ne2 e5
16.g3 Bg4 17.Qf2 Bh3 18.Rfd1 f5 19.c5 fxe4 20.cxd6 exd3 21.dxc7 dxe2 22.Qxe2 exf4
23.Qc4+  1-0

[Event "Tch-POR 1st Div Final"]
[Site "Vila Nova de Gaia POR"]
[Date "2010.07.24"]
[Round "1.2"]
[White "Naranjo Moreno,A"]
[Black "Galego,L"]
[Result "0-1"]
[WhiteElo "2290"]
[BlackElo "2498"]

1.e4 c5 2.Nf3 e6 3.d4 cxd4 4.Nxd4 a6 5.Bd3 Qc7 6.O-O Nf6 7.Nc3 Bc5 8.Nb3 Be7
9.Be3 d6 10.h3 Nc6 11.f4 b5 12.Qf3 Bb7 13.a4 b4 14.Ne2 O-O 15.Qf2 Rac8 16.g4 d5
17.Bb6 Qb8 18.Ng3 dxe4 19.Nxe4 Nxe4 20.Bxe4 Bf6 21.Rad1 Ne7 22.Bxb7 Qxb7
23.Bd4 Nd5 24.Rfe1 Qc6 25.Bxf6 Nxf6 26.Nd4 Qxa4 27.f5 exf5 28.Ra1 Qd7 29.Nxf5 Rfe8
30.Rxa6 Rxe1+ 31.Qxe1 Re8 32.Qc1 Ne4 33.Ra1 g6 34.Ne3 Nd2 35.Ng2 Re2 36.Qd1 Qd4+
37.Kh1 Qe4 38.Qg1 Nf3 39.Qf1 Nh4 40.Ra8+ Kg7  0-1

[Event "15th Open"]
[Site "Balaguer ESP"]
[Date "2010.07.25"]
[Round "7"]
[White "Quesada Perez,Yu"]
[Black "Neiksans,A"]
[Result "1/2-1/2"]
[WhiteElo "2603"]
[BlackElo "2485"]

1.e4 c5 2.Nf3 e6 3.d4 cxd4 4.Nxd4 a6 5.Bd3 Nc6 6.Nxc6 dxc6 7.Nd2 Qc7 8.O-O e5
9.a4 Nf6 10.Nc4 Be6 11.Qe2 Bc5 12.Bg5 Nd7 13.a5 O-O 14.Rfd1 Rfe8 15.c3 Be7
16.Be3 Bc5 17.b4 Bxe3 18.Qxe3 Rad8 19.f3 g6 20.Bf1 Bxc4 21.Bxc4 Kg7 22.Rd2 Nf6
23.Rad1 Rxd2 24.Qxd2 Re7 25.Qd8 Nd5 26.Qxc7 Nxc7 27.Kf2 Nb5 28.Rd3 Rc7 29.g3 Kf8
30.f4 f6 31.Rd8+ Kg7 32.Rd3 Kf8 33.Bxb5 cxb5 34.Rd6 Ke7 35.Rb6 Kf7 36.Ke2 Ke7
37.Kd3 Rd7+ 38.Ke3 Rc7 39.Kd2 Rd7+ 40.Ke2 Rc7 41.h4 Kf7 42.fxe5 fxe5 43.g4 Kg8
44.Kd3 Rd7+ 45.Ke2 Rc7 46.h5 gxh5 47.gxh5 Rxc3 48.Rxb7 Rc4 49.Kf3 Rxb4 50.Ra7 Ra4
51.Rxa6 b4 52.Rb6 Rxa5 53.Rxb4 Kg7 54.Rb7+ Kf6 55.Kg4 Ra1 56.Rb6+ Kf7 57.Kf5 Rh1
58.Rb7+ Kg8 59.Kg5 Re1 60.Kf6 h6 61.Rb8+ Kh7 62.Rb7+ Kg8 63.Rb4 Rh1 64.Rb8+ Kh7
65.Rb7+ Kg8 66.Kg6 Rg1+ 67.Kxh6 Rg4 68.Rb4 Kf7 69.Ra4 Kg8 70.Rc4 Kf7  1/2-1/2

[Event "ch-AUT"]
[Site "Vienna AUT"]
[Date "2010.07.25"]
[Round "2"]
[White "Schwabeneder,Florian"]
[Black "Wallner,J"]
[Result "1/2-1/2"]
[WhiteElo "2137"]
[BlackElo "2269"]

1.e4 c5 2.Nf3 e6 3.d4 cxd4 4.Nxd4 a6 5.Bd3 Nf6 6.Be3 d6 7.Nc3 Qc7 8.O-O Be7
9.a4 b6 10.f4 Bb7 11.Qf3 Nc6 12.Nxc6 Bxc6 13.Qg3 O-O 14.f5 Kh8 15.fxe6 fxe6
16.Qh3 e5 17.Bg5 h6 18.Be3 Qb7 19.Rf3 Nh7 20.Raf1 Rxf3 21.Qxf3 b5 22.axb5 axb5
23.Qf7 Rf8 24.Qe6 Nf6 25.Nd5 Nxd5 26.Rxf8+ Bxf8 27.exd5 Bxd5 28.Qf5 Kg8 29.Qh7+ Kf7
30.Bxh6 Qa7+ 31.Kf1 Bc4 32.Qf5+ Kg8 33.Qh7+ Kf7 34.Qf5+ Kg8  1/2-1/2

[Event "21st Czech GM Open"]
[Site "Pardubice CZE"]
[Date "2010.07.26"]
[Round "4"]
[White "Kasparov,S"]
[Black "Grinev,V"]
[Result "1-0"]
[WhiteElo "2492"]
[BlackElo "2336"]

1.e4 c5 2.Nf3 e6 3.d4 cxd4 4.Nxd4 a6 5.Bd3 Nf6 6.O-O Qc7 7.Qe2 d6 8.c4 g6
9.Nc3 Bg7 10.Nf3 Nc6 11.h3 O-O 12.Bf4 Nd7 13.Rac1 Nce5 14.Rfd1 b6 15.b3 Bb7
16.Bb1 Rfe8 17.Nh2 Rac8 18.Qd2 Bf8 19.Be3 Qb8 20.f4 Nc6 21.Ng4 Rcd8 22.Qf2 Ba8
23.e5 h5 24.Nf6+ Nxf6 25.exf6 b5 26.Qg3 Kh7 27.Ne4 Qb7 28.cxb5 Nb8 29.b6 Rd7
30.Ng5+ Kh8 31.Rc7 Rxc7 32.bxc7 Qxc7 33.Nxf7+ Qxf7 34.Bxg6 Qd7 35.Qg5 Bc6
36.Qxh5+ Kg8 37.f7+  1-0

[Event "3rd Open"]
[Site "Paleochora GRE"]
[Date "2010.07.27"]
[Round "7"]
[White "Vrublevskaya,O"]
[Black "Markidis,K"]
[Result "1/2-1/2"]
[WhiteElo "2102"]
[BlackElo "2342"]

1.e4 c5 2.Nf3 e6 3.d4 cxd4 4.Nxd4 a6 5.Bd3 Bc5 6.Nb3 Be7 7.O-O d6 8.f4 Nd7
9.N1d2 Ngf6 10.a4 b6 11.Qe2 Qc7 12.Nf3 e5 13.fxe5 dxe5 14.Nh4 Nc5 15.Nxc5 Bxc5+
16.Kh1 Bg4 17.Qe1 Nh5 18.Nf5 g6 19.Nh6 Be6 20.Qe2 Nf4 21.Bxf4 exf4 22.Bxa6 Bd4
23.Bb5+ Kf8 24.c3 Be5 25.Ng4 Bxg4 26.Qxg4 Rd8 27.Rad1 Kg7 28.Rd5  1/2-1/2

[Event "21st Czech GM Open"]
[Site "Pardubice CZE"]
[Date "2010.07.27"]
[Round "5"]
[White "Oresky,J"]
[Black "Kersten,U"]
[Result "0-1"]
[WhiteElo "2209"]
[BlackElo "2319"]

1.e4 c5 2.Nf3 e6 3.d4 cxd4 4.Nxd4 a6 5.Bd3 g6 6.Nc3 Bg7 7.Nb3 d6 8.f4 Nf6
9.O-O O-O 10.Kh1 Qc7 11.Be3 b5 12.a3 Bb7 13.Qe2 Nbd7 14.Bg1 Rac8 15.Rac1 Rfe8
16.Nd1 Qb8 17.c3 e5 18.f5 Qa8 19.fxg6 fxg6 20.Nd2 d5 21.exd5 Nxd5 22.Be4 N7f6
23.Bxd5+ Nxd5 24.Be3 Nf4 25.Bxf4 exf4 26.Qf2 Rcd8 27.Nf3 Rd3 28.Ne1 Rd6 29.Nf3 Red8
30.Kg1 Rd3 31.Qe2 R8d7 32.Rc2 Bxf3 33.gxf3 Qd8  0-1

[Event "Open"]
[Site "Szombathely HUN"]
[Date "2010.07.27"]
[Round "1"]
[White "Odor,I"]
[Black "Leviczky,T"]
[Result "0-1"]
[WhiteElo "2006"]
[BlackElo "2393"]

1.e4 c5 2.Nf3 e6 3.d4 cxd4 4.Nxd4 a6 5.Bd3 Nf6 6.c4 Qc7 7.O-O Nc6 8.Nxc6 dxc6
9.Be3 e5 10.h3 Nd7 11.Nc3 Bc5 12.Bxc5 Nxc5 13.b4 Ne6 14.Ne2 c5 15.a3 O-O
16.Nc3 Bd7 17.Nd5 Qd6 18.Qh5 Bc6 19.Rad1 Bxd5 20.exd5 g6 21.Bxg6 hxg6 22.dxe6 Qxe6
23.Qe2 Rac8 24.Rd5 cxb4 25.axb4 b5 26.Rxe5 Qxc4 27.Ra1 Qxe2 28.Rxe2 Rc6 29.Rea2 Ra8
30.Kf1 Kg7 31.Ke2 Re8+ 32.Kf1 Ree6 33.g3 Kf6 34.Re2 Red6 35.Ke1 Rc4 36.Rb2 Re4+
37.Kf1 g5 38.Kg2 Ke6 39.Kf3 Rc4 40.Re2+ Kd7 41.Rb2 Kc7 42.Re1 Rf6+ 43.Kg2 Rd6
44.Re7+ Rd7 45.Re1 Kb6 46.Kf3 Rd3+ 47.Kg2 Rdd4 48.Reb1 f6 49.Kf1 Rc3 50.Ra1 Rdc4
51.Kg2 Rc2 52.Rb3 R4c3 53.Raa3 Rxb3 54.Rxb3 Rc4 55.Kf3 a5 56.bxa5+ Kxa5 57.Ke3 b4
58.Kd3 Kb5 59.f3 Rc8 60.f4 gxf4 61.gxf4 Ka4 62.Rb1 Rc3+ 63.Ke4 Rxh3 64.Kf5 Rf3
65.Kxf6 Rxf4+ 66.Ke5 Rc4 67.Kd5 Rc8 68.Kd4 b3 69.Ra1+ Kb4 70.Ra7 Rd8+ 71.Ke3 b2
72.Rb7+ Kc3 73.Rc7+ Kb3 74.Rb7+ Kc2 75.Rc7+ Kb1 76.Ke2 Rd5 77.Rb7 Kc2 78.Rc7+ Kb3
79.Rb7+ Kc3 80.Rc7+ Kb4  0-1

[Event "21st Czech GM Open"]
[Site "Pardubice CZE"]
[Date "2010.07.28"]
[Round "6"]
[White "Kislik,E"]
[Black "Kanovsky,D"]
[Result "1-0"]
[WhiteElo "2329"]
[BlackElo "2492"]

1.e4 c5 2.Nf3 e6 3.d4 cxd4 4.Nxd4 a6 5.Bd3 Qc7 6.O-O Nf6 7.Qe2 d6 8.c4 Nbd7
9.f4 Be7 10.Nc3 O-O 11.Be3 Re8 12.Rac1 Bf8 13.b4 g6 14.Nb3 b6 15.a3 Bb7 16.h3 Bg7
17.Qf2 Rac8 18.Rfd1 Red8 19.Rc2 Ba8 20.Nd2 Qb8 21.Nf1 Bc6 22.g4 b5 23.cxb5 axb5
24.Ng3 h6 25.Rdc1 Nf8 26.Bb6 Re8 27.Nxb5 Bxb5 28.Bxb5 N6d7 29.Bxd7 Nxd7 30.Bc7 Qa8
31.Qe3 d5 32.e5 Qa4 33.Rc3 Kh7 34.Ne2 Kg8 35.Kg2 Qa6 36.Kf2 Qb7 37.h4 Ra8
38.Ba5 Rec8 39.Rc7 d4 40.Qxd4  1-0

[Event "Open"]
[Site "Szombathely HUN"]
[Date "2010.07.28"]
[Round "2"]
[White "Koban,B"]
[Black "Boros,De"]
[Result "0-1"]
[WhiteElo "2275"]
[BlackElo "2499"]

1.e4 c5 2.Nf3 e6 3.d4 cxd4 4.Nxd4 a6 5.Bd3 Bc5 6.Nb3 Be7 7.c4 d6 8.Nc3 Nf6
9.O-O Qc7 10.f4 Nc6 11.Qf3 O-O 12.Be3 b6 13.Qh3 Re8 14.Rae1 g6 15.Kh1 Nd7
16.f5 Bf6 17.g4 Nce5 18.g5 Bg7 19.Bd4 exf5 20.Nd5 Qd8 21.exf5 b5 22.Be4 bxc4
23.Nd2 Nc5 24.Nf6+ Bxf6 25.gxf6 Ra7 26.Qh6 Qxf6 27.fxg6 Qg7 28.gxh7+ Kh8
29.Qxd6 Nxe4 30.Nxe4 Rd7 31.Bxe5 Rxe5 32.Qb8 Rd8 33.Rg1 Rxe4 34.Rxe4 Qf6
35.Rg8+ Kxh7 36.Rf4 Qc6+  0-1

[Event "ch-AUT"]
[Site "Vienna AUT"]
[Date "2010.07.29"]
[Round "6"]
[White "Knoll,H"]
[Black "Kilgus,G"]
[Result "1/2-1/2"]
[WhiteElo "2378"]
[BlackElo "2361"]

1.e4 c5 2.Nf3 e6 3.d4 cxd4 4.Nxd4 a6 5.Bd3 Bc5 6.Nb3 Be7 7.Nc3 d6 8.f4 Nd7
9.Qf3 Ngf6 10.Be3 Qc7 11.O-O b6 12.Rae1 g6 13.Qh3 Bb7 14.e5 Nd5 15.Bd4 dxe5
16.fxe5 Nc5 17.Ne4 Nxe4 18.Bxe4 Nb4 19.Qf3 Bxe4 20.Rxe4 O-O 21.c3 Nc6 22.Rf4 Bg5
23.Rg4 Bh6 24.Qh3 Bg7 25.Rh4 h5 26.Qe3 Nxd4 27.cxd4 Qc2 28.Nd2 Rfd8 29.Ne4 Qxb2
30.Nf6+ Bxf6 31.exf6 Qb4 32.Re4 Rd5 33.Rxe6 Qxd4 34.Qxd4 Rxd4 35.Rxb6 Ra4
36.Rf2 Rc8  1/2-1/2

[Event "ch-AUT w"]
[Site "Vienna AUT"]
[Date "2010.07.30"]
[Round "7"]
[White "Novkovic,J"]
[Black "Klinkan,E"]
[Result "0-1"]
[WhiteElo "2157"]
[BlackElo "1963"]

1.e4 c5 2.Nf3 e6 3.d4 cxd4 4.Nxd4 a6 5.Bd3 Nf6 6.Qe2 Qc7 7.O-O d6 8.c4 Nbd7
9.Nd2 Be7 10.Kh1 Ne5 11.Bb1 g5 12.f3 h6 13.b3 Bd7 14.Bb2 Rg8 15.Qe3 Ng6 16.Ne2 Nh5
17.a4 e5 18.Nc3 Nf6 19.Nd5 Nxd5 20.cxd5 h5 21.Rc1 Qd8 22.Bd3 g4 23.Nc4 Nf4
24.Ba3 g3 25.Bf1 Rg6 26.Qb6 h4 27.Rc2 h3 28.Qxd8+ Rxd8 29.Nb6 hxg2+ 30.Bxg2 Rh6
31.Bf1 Bh3 32.Bxh3 Rxh3 33.Rac1 Kf8 34.Rd1 Kg7 35.Bc1 Rdh8 36.Bxf4 exf4 37.Rdd2 Kf6
38.Nc4 R8h5 39.a5 Bf8 40.Rg2 Rh6 41.Rce2 R6h5 42.Rd2 Ke7 43.Kg1 Bg7 44.hxg3 fxg3
45.Kf1 Bc3 46.Rd3 Rh1+ 47.Rg1 Rxg1+ 48.Kxg1 Be1 49.Ne3 Bf2+ 50.Kg2 Rh2+ 51.Kf1 Rh1+
52.Kg2 Rh2+ 53.Kf1 Bxe3 54.Rxe3 Rf2+ 55.Kg1 Kd7 56.Rc3 Ra2 57.f4 Rxa5 58.Kg2 f5
59.Rxg3 fxe4 60.Rg7+ Ke8 61.Rxb7 Rxd5 62.Rb4 Rd2+ 63.Kg3 d5 64.Rb6 Rb2 65.f5 Kf7
66.Kf4 Rf2+ 67.Ke5 e3 68.Rb7+ Kf8 69.Kf6 Kg8 70.Rb8+ Kh7 71.Rb7+ Kh6 72.Rb8 Kh5
73.Re8 e2 74.Kg7 d4 75.f6 d3 76.Re5+ Kg4 77.f7 Rxf7+ 78.Kxf7 Kf3 79.Ke6 d2  0-1

[Event "ch-AUT"]
[Site "Vienna AUT"]
[Date "2010.07.30"]
[Round "7"]
[White "Opl,K"]
[Black "Natter,S"]
[Result "1-0"]
[WhiteElo "2360"]
[BlackElo "2245"]

1.e4 c5 2.Nf3 e6 3.d4 cxd4 4.Nxd4 a6 5.Bd3 Bc5 6.Nb3 Be7 7.Qg4 g6 8.Nc3 d6
9.O-O Nd7 10.f4 Ngf6 11.Qg3 Qc7 12.Bd2 b6 13.Rae1 h5 14.e5 Ng4 15.exd6 Qxd6
16.Qf3 Ra7 17.Ne4 Qc7 18.Bc3 O-O 19.h3 Ngf6 20.Ng5 Nc5 21.Nxc5 Bxc5+ 22.Kh1 Nd5
23.Qxh5 f6 24.Qxg6+ Qg7 25.Nxe6 Bxe6 26.Rxe6 Nxc3 27.Qxg7+ Kxg7 28.bxc3 a5
29.a4 Re7 30.Rxe7+ Bxe7 31.Re1 Bc5 32.g3 Rc8 33.Kg2 Rc6 34.Kf3 Ba3 35.c4 Kf8
36.Kg4 Bb4 37.Re2 Kf7 38.Be4 Rc7 39.Bd5+ Kg6 40.Re6 Bc5 41.h4 Re7 42.h5+ Kg7
43.Kf5 Rxe6 44.Bxe6 Bd4 45.g4 Kh6 46.g5+ fxg5 47.fxg5+ Kxh5 48.Bd5 Be3 49.Bf3+ Kh4
50.g6 Bd4 51.Ke4 Bc3 52.Kd5 Kg5 53.Kc6 Bd4 54.g7 Bxg7 55.Kxb6 Kf5 56.Kxa5 Ke6
57.Kb6 Bf6 58.Bg4+ Ke7 59.a5 Be5 60.a6 Bd4+  1-0